Which Came First? #1 - Statistics

General Stats
  • This quiz has been taken 82 times
  • The average score is 8 of 10
Answer Stats
Question Answer % Correct
Which came first? The Oscars
91%
Which came first? Baseball's World Series
87%
Which came first? Superman
87%
Which Came First? Lightbulb
83%
Which Came First? Mickey Mouse
83%
Which Came First? Minecraft
83%
Which came first? Vincent van Gogh
83%
Which came first? The Titanic Sinking
70%
Which came first? Monopoly
65%
Which came first? The Magic 8 Ball
52%
No matching quizzes found
Score Distribution
Percent of People with Each Score
Percentile by Number Answered
Your Score History
You have not taken this quiz